000
00243nam a2200097Ia 4500
005
20251222154401.0
008
251222s9999||||xx |||||||||||||| ||spa||
082
_a
REF.985.008/C76/T.VIII/V.I
245
0
_a
La expedición libertadora
942
_c
LIB
999
_c
35289
_d
35289